Tìm hiểu và bình luận các tội xâm phạm sở hữu trong bộ luật hình sự 1999

Tài liệu tìm hiểu và bình luận các tội xâm phạm sở hữu trong bộ luật hình sự 1999

Na minha lista:
Detalhes bibliográficos
Autor principal: Nguyễn, Ngọc Điệp
Formato: Livro
Idioma:Undetermined
Publicado em: Thành phố Hồ Chí Minh Mũi Cà Mau 2000
Assuntos:
Tags: Adicionar Tag
Sem tags, seja o primeiro a adicionar uma tag!
Thư viện lưu trữ: Trung tâm Học liệu Trường Đại học Cần Thơ
LEADER 00964nam a2200217Ia 4500
001 CTU_39285
008 210402s9999 xx 000 0 und d
020 |c 22000 
082 |a 347 
082 |b Đ307 
100 |a Nguyễn, Ngọc Điệp 
245 0 |a Tìm hiểu và bình luận các tội xâm phạm sở hữu trong bộ luật hình sự 1999 
245 0 |c Nguyễn Ngọc Điệp 
260 |a Thành phố Hồ Chí Minh 
260 |b Mũi Cà Mau 
260 |c 2000 
520 |a Tài liệu tìm hiểu và bình luận các tội xâm phạm sở hữu trong bộ luật hình sự 1999 
650 |a Criminal procedure,Criminal law,Luật tố tụng dân sự,Luật hình sự 
650 |z Vietnam,Việt Nam,Việt Nam,Việt Nam 
904 |i Nguyễn Quang Điền, 001108 (Nguyên sửa) 
980 |a Trung tâm Học liệu Trường Đại học Cần Thơ